000 01085nam a2200289 i 4500
001 000030916
003 DO-SdBNP
005 20230502115509.0
007 ta
008 110606s1984 dr 000 0 spa d
040 _aDO-SdBNP
_bspa
_cBNPHU
_erda
082 4 _222
_bP153
245 0 0 _aPalabras del rector de la Universidad Autónoma de Santo Domingo el Dr.. Fernando Sánchez Martínez, "los derechos humanos y el papel de la Universidad"
246 _aConferencia del rector Dr. Fernando Sánchez Martínez inauguración Cátedra extracurricular "Fray Antón de Montesino 10 de diciembre 1984
264 _aSanto Domingo :
_bUASD,
_c1984.
300 _a19 paginas ;
_c22 cm.
336 _2rdacontent
_atexto
_btxt
337 _2rdamedia
_asin mediación
_bn
338 _2rdacarrier
_avolumen
_bnc
490 1 _aPubicaciones de la Universidad Autónoma de Santo
_v357 (CCCLVII)
490 1 _aDiscursos
_v7
590 _aInventariado, 2023 / DG
830 0 _aPubicaciones de la Universidad Autónoma de Santo
_957434
830 _957435
910 _aDG
942 _2ddc
_cLF2
999 _c53388
_d53388